000 00433nam a22001817a 4500
003 OSt
005 20170105102937.0
020 _a9780230213111
040 _a0
082 _a327
_bBRO 2009
100 _a Brown, Chris,
245 _aUnderstanding international relations
_cChris Brown
250 _a4th ed
260 _aNew York
_b Palgrave
_c2001
300 _a321p.;
_c24cm
650 _aInternational Relations
942 _2ddc
_cBK
999 _c16332
_d16332